LIBRARY & INFORMATION CENTRE, KCAET, TAVANUR

ONLINE PUBLIC ACCESS CATALOGUE (OPAC)

Keralathinte sampad vyavastha / (Record no. 6066)

MARC details
000 -LEADER
fixed length control field 00472cam a2200181ua 4500
041 ## - LANGUAGE CODE
Language code of text/sound track or separate title mal
082 ## - DEWEY DECIMAL CLASSIFICATION NUMBER
Classification number 330.94583
Item number KRI/SA
100 ## - MAIN ENTRY--AUTHOR NAME
Personal name Krishnan , Aiyer .
245 ## - TITLE STATEMENT
Title Keralathinte sampad vyavastha /
250 ## - EDITION STATEMENT
Edition statement 1 /
260 ## - PUBLICATION, DISTRIBUTION, ETC. (IMPRINT)
Place of publication Thiruvananthapuram :
Name of publisher State Instititute of Languages ,
Year of publication 1975.
300 ## - PHYSICAL DESCRIPTION
Number of Pages 935 ; .
942 ## - ADDED ENTRY ELEMENTS (KOHA)
Koha item type Books
Holdings
Withdrawn status Lost status Damaged status Home library Current library Date acquired Full call number Accession Number Koha item type
Withdrawn     KAUAET KAUAET 07/04/2012 330.94583 13798 Books
free website counter